Teorie a praxe školského managementu /

Hlavní autor: Bouda, Tomáš
Korporativní autor: Ostravská univerzita. Centrum dalšího vzdělávání
Jazyk: Čeština
Vydáno: Ostrava : Ostravská univerzita v Ostravě, 2012
Vydání: Vyd. 1.
Témata:
Fyzický popis: 103 s. : il. ; 30 cm
Knihy
Uloženo v:
LEADER 01825nam a2200481 a 4500
001 nkc20122348423
003 CZ PrNK
005 20130205150840.0
007 ta
008 120320s2012 xr a e p 000 0 cze
015 |a cnb002348423 
020 |a 978-80-7464-107-7  |q (brož.) :  |c neprodejné 
035 |a (OCoLC)827259109 
040 |a BOA001  |b cze  |d ABA001 
072 7 |a 37.09  |x Organizace výuky a vzdělávání  |2 Konspekt  |9 22 
072 7 |a 37.016  |x Učební osnovy. Vyučovací předměty. Učebnice  |2 Konspekt  |9 22 
080 |a 37.091:005.25  |2 MRF 
080 |a 005  |2 MRF 
080 |a 005.336.5  |2 MRF 
080 |a (075.8)  |2 MRF 
100 1 |a Bouda, Tomáš  |7 osd2013741685  |4 aut 
245 1 0 |a Teorie a praxe školského managementu /  |c Tomáš Bouda 
250 |a Vyd. 1. 
260 |a Ostrava :  |b Ostravská univerzita v Ostravě,  |c 2012 
300 |a 103 s. :  |b il. ;  |c 30 cm 
500 |a Nad názvem: Ostravská univerzita v Ostravě, Pedagogická fakulta, Centrum dalšího vzdělávání 
500 |a 80 výt. 
504 |a Obsahuje bibliografie 
521 8 |a Studijní materiál pro distanční kurz Teorie a praxe školského managementu 
650 0 7 |a management školy  |7 ph118550  |2 czenas 
650 0 7 |a management  |7 ph115217  |2 czenas 
650 0 7 |a manažerské dovednosti  |7 ph472867  |2 czenas 
650 0 9 |a school management  |2 eczenas 
650 0 9 |a management  |2 eczenas 
650 0 9 |a management skills  |2 eczenas 
655 7 |a učebnice vysokých škol  |7 fd133772  |2 czenas 
655 9 |a textbooks (higher)  |2 eczenas 
710 2 |a Ostravská univerzita.  |b Centrum dalšího vzdělávání  |7 kn20020415011 
910 2 |a BOA001  |b 4-1296.801 
990 |a BK 
995 |a 01 
991 |b 201301  |c NOV  |e n 
996 6 |b 2610534895  |c 4-1296.801  |l MZK  |r Sklad / do 1 hodiny  |n 1  |p p.v.  |w 001308626  |u 000010  |a 1  |e BOA001  |j MZK50  |s P